logo

Bir Sreshtho Munshi Abdur Rouf Library
Jhenaidah Cadet College

গ্রীক সভ্যতা / (Record no. 2656)

MARC details
000 -LEADER
fixed length control field 00657nam a2200217 a 4500
001 - CONTROL NUMBER
JCCL Control Number 2656
003 - CONTROL NUMBER IDENTIFIER
JCCL marc code BD-JhCC
005 - DATE AND TIME OF LATEST TRANSACTION
control field 20171105191812.0
008 - FIXED-LENGTH DATA ELEMENTS--GENERAL INFORMATION
fixed length control field 171105s1985 bg |||| |a|| 00| 0 ben d
035 ## - SYSTEM CONTROL NUMBER
system control number (BD-JhCC)2656
040 ## - CATALOGING SOURCE
Original cataloging agency BD-JhCC
Modifying agency BD-JhCC
041 ## - LANGUAGE CODE
Language code of Book ben
082 ## - DEWEY DECIMAL CLASSIFICATION NUMBER
Classification number 938
Author mark and Year ISL 1985
100 ## - MAIN ENTRY--PERSONAL NAME
Personal name ইসলাম, সৈয়দ আমীরুল
245 ## - TITLE STATEMENT
Title গ্রীক সভ্যতা /
Statement of responsibility, etc সৈয়দ আমীরুল ইসলাম
260 ## - PUBLICATION, DISTRIBUTION, ETC. (IMPRINT)
Place of publication, distribution, etc ঢাকা :
Name of publisher, distributor, etc বাংলা একাডেমী,
Date of publication, distribution, etc ১৯৮৫.
300 ## - PHYSICAL DESCRIPTION
Pagination 95 p. :
Dimensions 14 cm.
650 ## - SUBJECT ADDED ENTRY--TOPICAL TERM
Topical term or geographic name as entry element Greek Civilization
942 ## - ADDED ENTRY ELEMENTS (KOHA)
Source of classification or shelving scheme Dewey Decimal Classification
Koha item type Books
Holdings
Source of classification or shelving scheme Damaged status Not for loan Home library Current library Shelving location Date of accession Total Checkouts Full call number Barcode Date last seen Copy number Koha item type
Dewey Decimal Classification     JCC Rouf Library JCC Rouf Library General Stacks 11/05/2017   938 ISL 1985 4108 11/05/2017 C-1 Books

JCC Library | Contacts | JCC Home

Last Update on 23 September 2017
Copyright @ 2017-2020 JCC Rouf Library
Rouf Library, Jhenidah Cadet College (JCC), Bangladesh